Statistics for Songs with Food in the Title

Click here to take the quiz!

General Stats

  • This quiz has been taken 33,120 times
    (21,696 since last reset)
  • The average score is 12 of 25

Answer Stats

Artist Song % Correct
Traditional99 Bottles of {Beer}
85%
Don McLeanAmerican {Pie}
85%
UB40Red Red {Wine}
82%
The Beatles{Strawberry} Fields Forever
78%
Def LeppardPour Some {Sugar} On Me
74%
Bow Wow WowI Want {Candy}
62%
Jimmy Buffett{Margarita}ville
56%
Warrant{Cherry} Pie
56%
Harry BelafonteDay-O (The {Banana} Boat Song)
55%
Eagles{Tequila} Sunrise
54%
R.E.M.{Orange} Crush
52%
Snoop Doggy DoggGin and {Juice}
50%
Jimmy Buffett{Cheeseburger} in Paradise
49%
Oasis{Champagne} Supernova
47%
Fats Domino{Blueberry} Hill
46%
Prince{Raspberry} Beret
45%
LabelleLady {Marmalade}
41%
Lesley GoreSunshine, {Lollipops} & Rainbows
29%
Van MorrisonTupelo {Honey}
23%
The BeatlesMean Mr. {Mustard}
19%
Billie HolidayStrange {Fruit}
18%
Parliament{Chocolate} City
17%
The BeatlesGlass {Onion}
16%
Neil Young{Cinnamon} Girl
15%
The Flaming LipsShe Don't Use {Jelly}
11%

Score Distribution

Percentile by Number Answered

Percent of People with Each Score

Your Score History

You have not taken this quiz since the last reset